| 000 | 01061nam a22002897a 4500 | ||
|---|---|---|---|
| 003 | OSt | ||
| 005 | 20230222034033.0 | ||
| 008 | 160301b xxu||||| |||| 00| 0 eng d | ||
| 020 | _a0471410160 | ||
| 035 | _a(OCoLC)ocm50276070 | ||
| 040 |
_aMMU _cMMU _dMMU _beng. |
||
| 042 | _alccopycat | ||
| 050 | 0 | 0 |
_aTK7874 _b.C64623 2003 |
| 082 | 0 | 0 |
_a621.3815 _221 |
| 100 | 1 | _aComer, David J. | |
| 245 | 1 | 0 |
_aFundamentals of electronic circuit design / _cDavid Comer, Donald Comer. |
| 260 |
_a[New York, NY] : _bJohn Wiley & Sons, _cc2003. |
||
| 300 |
_axvii, 490 p. : _bill. (some col.) ; _c26 cm. |
||
| 500 | _aIncludes index. | ||
| 650 | 0 | _aElectronic circuit design. | |
| 700 | 1 | _aComer, Donald. | |
| 856 | 4 | 2 |
_3Publisher description _uhttp://www.loc.gov/catdir/description/wiley037/2002514134.html |
| 856 | 4 | 1 |
_3Table of contents _uhttp://www.loc.gov/catdir/toc/wiley031/2002514134.html |
| 906 |
_a7 _bcbc _ccopycat _d2 _encip _f20 _gy-gencatlg |
||
| 942 |
_2lcc _cLOAN LOAN |
||
| 999 |
_c16564 _d16564 |
||